| 000 -LEADER |
| fixed length control field |
00458nam a22000977a 4500 |
| 008 - FIXED-LENGTH DATA ELEMENTS--GENERAL INFORMATION |
| fixed length control field |
160314b xxu||||| |||| 00| 0 eng d |
| 100 ## - MAIN ENTRY--AUTHOR'S NAME |
| Author's Name |
Erler, Martin |
| 245 ## - TITLE STATEMENT |
| Title |
Katalog der Stempelmarken von Deutschland VI. Saargebiet vol 6 1981 |
| Remainder of title |
Catalog of the adhesive revenue stamps of Germany VI. Saargebiet |
| 260 ## - PUBLICATION, DISTRIBUTION, ETC. (IMPRINT) |
| Place of publication, distribution, etc. |
Icking, Germany |
| Name of publisher, distributor, etc. |
ORA Verlag |
| Date of publication, distribution, etc. |
1981 |
| 650 ## - TOPICAL TERM (Tag) |
| Topical term or geographic name |
Saar (1920-1935) | Saar (1947-1959 | Germany | Revenues | Catalogs and Price Lists | Cinderella Material |